000 00540nam a2200157 4500
999 _c16897
_d16897
008 220411b ||||| |||| 00| 0 eng d
022 _a0117-3308
082 _aDPer 004.1105 C73 Sept 2010 - April 2011 v. 20 n. 3-9
100 _aTuazon, John Mark V.
_945004
245 _aLocal IT group grapples with fraud attempt/
_cJohn Mark V. Tuazon.
260 _aPhilippines:
_bSchneider Electric,
_c©2010-2011.
300 _av20 n5, page 7;
_c27 cm.
500 _aComputer world.
650 _aFraud
_vComputer networks.
_945130
942 _2ddc
_cPER